000 00969pam a2200301 a 4500
999 _c28685
_d28656
001 4679960
003 EG-ScBUE
005 20200908110149.0
008 811123s1982 enk f b 001 0 eng d
020 _a0582295408 (pbk.)
040 _aDLC
_beng
_erda
_cDLC
_dDLC
_dEG-ScBUE
043 _ae-uk---
082 0 4 _a307.760941
_bCHE
_222
100 1 _aCherry, Gordon Emanuel,
_eauthor.
_98990
245 1 4 _aThe politics of town planning /
_cGordon E. Cherry.
264 1 _aHarlow, UK ;
_aNew York :
_bLongman Group Limited,
_c1982.
300 _ax, 173 pages ;
_c20 cm.
336 _2rdacontent
_atext
_btxt
337 _2rdamedia
_aunmediated
_bn
338 _2rdacarrier
_avolume
_bnc
490 0 _aPolitics today
504 _aIncludes bibliographical references and index.
650 7 _aCity planning
_zGreat Britain.
_2BUEsh
653 _bGGEN
_cAugust2020
655 _vReading book
_934232
906 _a7
_bcbc
_corignew
_d1
_eocip
_f19
_gy-gencatlg
942 _2ddc
_cBB